000 00703nam a22002417a 4500
001 75807
003 UA-OsUOA
005 20201123224239.0
007 ta
008 20110601b un ||||| |||| 00| 0 ukr d
040 _aUA-OsUOA
_bukr
_cUA-OsUOA
_dUA-OsUOA
041 _aukr
080 _a821.161.2
090 _a821.161.2
_bТ47
100 _aТітов Ю.
245 _aУ святім ореолі
_bпоезії, пісні
260 _aК.
_bАДЕФ-Україна
_c2010
300 _a112 с.
650 7 _a82 Література. Літературознавство
_2UDC
942 _cBK
_2udc
955 _a3
999 _c362106
_d362106